00525caa a22001572a 4500001000900000003001100009008004300020092001700063100001900080245005500099300001300154500008800167942000900255773008800264999001500352 003336 AR-FADEU 311216n########xxu####################dd a149.94bA634 aCarnap, Rudolf aSignificado y sinonimia en los lenguajes naturales aPP 25-44 aEn: Antología semántica / ed. Mario Bunge. Buenos Aires : Nueva visión, 1960. cBDGR0 0916597813abdBuenos Aireso5927tANTOLOGIA semánticaw( AR-FADEU) 003334xz c9167d9167